ARRUPE JESUIT UNIVERSITY

CORONAVIRUS -STOP THE SPREAD - CLEAN,DISINFECT,COVER

AIDS and men : (Record no. 128365)

MARC details
000 -LEADER
fixed length control field 01768cam a2200397 a 4500
001 - CONTROL NUMBER
control field 11955081
003 - CONTROL NUMBER IDENTIFIER
control field ARRUPE
005 - DATE AND TIME OF LATEST TRANSACTION
control field 20181024120803.0
008 - FIXED-LENGTH DATA ELEMENTS--GENERAL INFORMATION
fixed length control field 000327s1999 enk b 000 0 eng
010 ## - LIBRARY OF CONGRESS CONTROL NUMBER
LC control number 00302856
020 ## - INTERNATIONAL STANDARD BOOK NUMBER
International Standard Book Number 1856497445
040 ## - CATALOGING SOURCE
Original cataloging agency DLC
Transcribing agency DLC
Modifying agency DLC
043 ## - GEOGRAPHIC AREA CODE
Geographic area code d------
050 00 - LIBRARY OF CONGRESS CALL NUMBER
Classification number RA644.A25
Item number A3475 1999
082 00 - DEWEY DECIMAL CLASSIFICATION NUMBER
Classification number 362.1/969792/0091724
Edition number 21
300 ## - PHYSICAL DESCRIPTION
Dimensions 20 cm.
245 00 - TITLE STATEMENT
Title AIDS and men :
Remainder of title taking risks or taking responsibility? /
Statement of responsibility, etc edited with an introduction by Martin Foreman.
260 ## - PUBLICATION, DISTRIBUTION, ETC. (IMPRINT)
Place of publication, distribution, etc London :
Name of publisher, distributor, etc Panos/Zed Books ;
Place of publication, distribution, etc New York :
Name of publisher, distributor, etc Distributed exclusively in the USA by St. Martin's Press,
Date of publication, distribution, etc c1999.
300 ## - PHYSICAL DESCRIPTION
Extent xii, 238 p. ;
504 ## - BIBLIOGRAPHY, ETC. NOTE
Bibliography, etc Includes bibliographical references (p. 220-238).
650 #0 - SUBJECT ADDED ENTRY--TOPICAL TERM
Topical term or geographic name as entry element AIDS (Disease)
Geographic subdivision Developing countries.
9 (RLIN) 42867
650 #0 - SUBJECT ADDED ENTRY--TOPICAL TERM
Topical term or geographic name as entry element Men
General subdivision Sexual behavior
Geographic subdivision Developing countries.
9 (RLIN) 42868
700 1# - ADDED ENTRY--PERSONAL NAME
Personal name Foreman, Martin.
9 (RLIN) 42869
710 2# - ADDED ENTRY--CORPORATE NAME
Corporate name or jurisdiction name as entry element Panos Institute.
9 (RLIN) 42870
906 ## - LOCAL DATA ELEMENT F, LDF (RLIN)
a 7
b cbc
c origcop
d 3
e ncip
f 20
g y-gencatlg
942 ## - ADDED ENTRY ELEMENTS (KOHA)
Source of classification or shelving scheme Library of Congress Classification
Koha item type Monograph ( Printed materials)
Holdings
Withdrawn status Lost status Source of classification or shelving scheme Damaged status Not for loan Collection code Home library Current library Shelving location Date acquired Total Checkouts Full call number Barcode Date last seen Price effective from Koha item type
    Library of Congress Classification     Main Collection ARRUPE LIBRARY ARRUPE LIBRARY Main Collection 12/10/2018   RA644.A25 A3475 1999 46600002920 02/07/2019 12/10/2018 Monograph ( Printed materials)

 

Arrupe Library. PO Box MP320 Mt Pleasant, Harare, Zimbabwe
263 242 745411|librarian@aju.ac.zw